000 00821cab a2200253 4500
001 WB2826-06
008 090401t1992 xxu||||| |||| 00| 0 eng d
035 _a(Sirsi) u49330
041 _aeng
245 _aDirector banned over safety case
260 _c1992
350 _a0
490 _aIndependent
_v1 July 1992, 3(1)
520 _aA quarry owner has been banned from holding a company directorship after ignoring an order to introduce safer working practices.
650 _aCHAPMAN CHALK SUPPLIES LTD
650 _aCOMPANY DIRECTORS DISQUALIFICATION ACT 1986
650 _aHEALTH AND SAFETY AT WORK ETC ACT 1974 S37
650 _aHEALTH AND SAFETY
_96244
650 _aSITE MANAGEMENT
650 _aSITE SAFETY
690 _aBUILT ENVIRONMENT-BUILDING STANDARDS
942 _n0
948 _c04/03/1997
999 _c30864
_d30864